000
00359nam a2200169Ia 4500
008
210210b1892 xxu||||| |||| 00| 0 eng d
041
_a
eng
082
_a
444/349
100
_a
LEVY (Arthur)
245
_a
Napoleon in time
260
_a
London
_b
-
_c
1892
650
_a
time
650
_a
Napoleon
650
_a
in
690
_a
French
906
_a
006544
999
_c
129533
_d
129533